History Quiz

Random History or Clickable Quiz

Ran but never nominated Quiz Stats

 Plays Quiz not verified by Sporcle

Support Sporcle.
Go Orange.
Score 0/49 Timer 10:00
0 Plays Today
% Correct
???
65.6%
???
63.5%
???
63.5%
???
59.4%
???
56.3%
???
55.2%
???
55.2%
???
54.2%
???
52.1%
???
52.1%
???
51%
???
49%
???
49%
???
46.9%
???
42.7%
???
41.7%
???
41.7%
???
40.6%
???
39.6%
???
39.6%
???
35.4%
???
34.4%
???
33.3%
???
32.3%
???
28.1%
% Correct
???
26%
???
26%
???
25%
???
25%
???
25%
???
25%
???
24%
???
22.9%
???
21.9%
???
21.9%
???
21.9%
???
20.8%
???
20.8%
???
19.8%
???
18.8%
???
16.7%
???
16.7%
???
16.7%
???
15.6%
???
15.6%
???
14.6%
???
14.6%
???
14.6%
???
13.5%

You're not logged in!

Compare scores with friends on all Sporcle quizzes.
OR
Log In

From the Vault

Nursery Rhymes

by KarenNfld

Sporcler, sporcler, how do your quiz scores grow?
Remove Ads.
Support Sporcle.
Get the best of Sporcle when you Go Orange. This ad-free experience offers more features, more stats, and more fun while also helping to support Sporcle. Thank you for becoming a member.

Show Comments

Extras

Top Quizzes Today


Score Distribution

Your Account Isn't Verified!

In order to create a playlist on Sporcle, you need to verify the email address you used during registration. Go to your Sporcle Settings to finish the process.

Report this User

Report this user for behavior that violates our Community Guidelines.

Details: